Las capeas / (Record no. 113554)

MARC details
000 -LEADER
campo de control de longitud fija 00532nam a2200193 4500
001 - NÚMERO DE CONTROL
campo de control 113554
003 - IDENTIFICADOR DE NÚMERO DE CONTROL
campo de control ES-MaACL
005 - FECHA Y HORA DE LA ÚLTIMA TRANSACCIÓN
campo de control 20230906185934.0
007 - CAMPO FIJO DE DESCRIPCIÓN FÍSICA--INFORMACIÓN GENERAL
campo de control de longitud fija t|
008 - DATOS DE LONGITUD FIJA--INFORMACIÓN GENERAL
campo de control de longitud fija 061121s1952 sp r ||||1| spa d
100 0# - ENTRADA PRINCIPAL--NOMBRE DE PERSONA
Nombre de persona Noel, Eugenio,
Fechas asociadas al nombre 1885-1936
9 (RLIN) 85823
245 14 - MENCIÓN DEL TÍTULO
Título Las capeas /
Mención de responsabilidad, etc. Eugenio Noel.
260 ## - PUBLICACIÓN, DISTRIBUCIÓN, ETC.
Lugar de publicación, distribución, etc. Madrid :
Nombre del editor, distribuidor, etc. Afrodisio Aguado,
Fecha de publicación, distribución, etc. 1952.
300 ## - DESCRIPCIÓN FÍSICA
Extensión 220 p. ;
Dimensiones 12 cm.
490 1# - MENCIÓN DE SERIE
Mención de serie Más allá ;
Designación de volumen o secuencia 84
830 0# - PUNTO DE ACCESO ADICIONAL DE SERIE-TÍTULO UNIFORME
Título uniforme Más allá ;
Designación de volumen o secuencia 84
9 (RLIN) 181282
852 ## - LOCALIZACIÓN
Ubicación ES-MaACL
Número de control de estantería D-8387
Sublocalización o colección R.32057
Holdings
Estatus retirado Estado de pérdida Estado de daño No para préstamo Biblioteca de origen Biblioteca actual Ubicación en estantería Fecha de adquisición Fuente de adquisición Total de préstamos Signatura topográfica completa Código de barras Visto por última vez Precio de reemplazo Tipo de ítem Koha
        Biblioteca del Ateneo de Madrid Biblioteca del Ateneo de Madrid Sala Valle Inclán 17/01/2008     D-8387 901118431 23/02/2023 23/02/2023 Libro impreso